Normal view
MARC view
Entry Topical Term
001 - CONTROL NUMBER
- control field: 23851
003 - CONTROL NUMBER IDENTIFIER
- control field: ARRUPE
005 - DATE AND TIME OF LATEST TRANSACTION
- control field: 20160415084916.0
008 - FIXED-LENGTH DATA ELEMENTS
- fixed length control field: 160415|| aca||aabn | a|a d
040 ## - CATALOGING SOURCE
- Original cataloging agency: ARRUPE
- Transcribing agency: ARRUPE
150 ## - HEADING--TOPICAL TERM
- Topical term or geographic name as entry element: Debts, External
- Geographic subdivision: Africa.
670 ## - SOURCE DATA FOUND
- Source citation: Work cat.: (ARRUPE)0: Sankara, Thomas. 23850, Discours sur la dette :, c2014.